[Event "4NCL Division 3"]
[Site "Daventry Court ENG"]
[Date "2015.03.22"]
[Round "8.55"]
[White "Walker, David J"]
[Black "Buckley, David E"]
[Result "0-1"]
[WhiteElo "2294"]
[BlackElo "2270"]
[PlyCount "102"]
[EventDate "2015.03.22"]

1. c4 Nf6 2. g3 c6 3. Bg2 d5 4. Nf3 dxc4 5. O-O Nbd7 6. Na3 Nb6 7. Qc2 Be6 8.
b3 cxb3 9. axb3 g6 10. Nc4 Bg7 11. Na5 Qc7 12. Bb2 O-O 13. Be5 Qc8 14. Rfc1 Rd8
15. d3 Ne8 16. Qb2 f6 17. Bd4 Bf7 18. Nc4 Qc7 19. Qa3 Nc8 20. Bc5 Ned6 21. Qb4
Nb5 22. Be3 Bd5 23. h4 Ncd6 24. Nxd6 Qxd6 25. Bc5 Qd7 26. h5 b6 27. Be3 c5 28.
Qd2 g5 29. b4 cxb4 30. Qxb4 Rac8 31. Rab1 Nd6 32. Kh2 e6 33. g4 h6 34. Nd4 Bxg2
35. Kxg2 Kh8 36. f3 f5 37. Kh3 Nf7 38. Rxc8 Rxc8 39. Qb5 Qd6 40. Qb4 Qe5 41.
Bg1 Bf8 42. Qa4 fxg4+ 43. fxg4 Bd6 44. Nf5 Qxe2 45. Bd4+ Kg8 46. Nxd6 Qxd3+ 47.
Kg2 Rc2+ 48. Bf2 Nxd6 49. Re1 Qd2 50. Rf1 Qd5+ 51. Kh2 Qe4 0-1

[Event "4NCL Division 3"]
[Site "Daventry Court ENG"]
[Date "2015.03.22"]
[Round "8.56"]
[White "Russell, Chris"]
[Black "Dargan, Paul AG"]
[Result "1/2-1/2"]
[WhiteElo "2098"]
[BlackElo "2136"]
[PlyCount "77"]
[EventDate "2015.03.22"]

1. e4 c5 2. c3 Nf6 3. e5 Nd5 4. g3 d6 5. exd6 e6 6. Bg2 Bxd6 7. Nf3 Nc6 8. O-O
O-O 9. d4 cxd4 10. Nxd4 Nxd4 11. Qxd4 Qc7 12. Nd2 Bd7 13. Ne4 Be5 14. Qc5 Qb8
15. f4 Bc7 16. Qa3 Bb6+ 17. Kh1 Qc7 18. Qd6 Rac8 19. Qxc7 Rxc7 20. f5 exf5 21.
Nd6 Ne3 22. Bxe3 Bxe3 23. Nxf5 Bg5 24. Rae1 Be6 25. Nd4 Bxa2 26. Rf5 Bf6 27.
Ra5 Bxd4 28. cxd4 Be6 29. d5 b6 30. Ra4 Bd7 31. Rae4 Rfc8 32. Bh3 Kf8 33. d6
Bxh3 34. dxc7 Be6 35. Rh4 Rxc7 36. Rxh7 Rc2 37. Rh8+ Ke7 38. Ra8 a5 39. b3
1/2-1/2

[Event "4NCL Division 3"]
[Site "Daventry Court ENG"]
[Date "2015.03.22"]
[Round "8.57"]
[White "Waters, Clive L"]
[Black "Meadows, Mike"]
[Result "1-0"]
[WhiteElo "2151"]
[BlackElo "1918"]
[PlyCount "105"]
[EventDate "2015.03.22"]

1. e4 c5 2. Nf3 Nc6 3. c3 e6 4. d4 d5 5. exd5 exd5 6. Bb5 Bd6 7. O-O Nge7 8.
dxc5 Bxc5 9. Nbd2 a6 10. Be2 O-O 11. Nb3 Ba7 12. Nbd4 Nf5 13. Nxc6 bxc6 14. Bf4
Qf6 15. Qd2 Re8 16. Bd3 Nh4 17. Nxh4 Qxh4 18. Bg3 Qh5 19. Rae1 Bb7 20. Qf4 f6
21. Qc7 Rab8 22. Qd7 Red8 23. Qe6+ Kh8 24. Bxb8 Bxb8 25. f4 Ba7+ 26. Kh1 Bc5
27. Rf3 Bc8 28. Qxc6 Bg4 29. Rff1 Rc8 30. Qxa6 Re8 31. Qb5 Rc8 32. Be2 Bxe2 33.
Qxe2 Qf7 34. Qe6 Qxe6 35. Rxe6 Kg8 36. Rd1 Kf7 37. Re2 d4 38. g3 dxc3 39. bxc3
Ba3 40. Rd3 Kg6 41. Kg2 Rc4 42. Kf3 f5 43. Re6+ Kf7 44. Rb6 Rc7 45. Rb3 Bc5 46.
Rd1 Re7 47. c4 Re4 48. Rc1 Rd4 49. Rb5 Rd3+ 50. Ke2 Re3+ 51. Kd2 Bd4 52. Rd5
Re4 53. Kd3 1-0

[Event "4NCL Division 3"]
[Site "Daventry Court ENG"]
[Date "2015.03.22"]
[Round "8.58"]
[White "Savory, Richard"]
[Black "Tavoularis, Nick"]
[Result "0-1"]
[WhiteElo "2100"]
[BlackElo "2136"]
[PlyCount "60"]
[EventDate "2015.03.22"]

1. e4 d5 2. exd5 Qxd5 3. Nc3 Qd6 4. d4 Nf6 5. Bc4 a6 6. Nf3 b5 7. Bb3 Bb7 8.
O-O e6 9. Be3 Nbd7 10. a4 b4 11. Nb1 Be7 12. Nbd2 c5 13. Nc4 Qc7 14. Nfe5 O-O
15. Bf4 Nxe5 16. Nxe5 Bd6 17. Qe2 cxd4 18. Rfd1 Nd5 19. Bg3 f5 20. Nc4 Bxg3 21.
Qxe6+ Kh8 22. hxg3 f4 23. Rxd4 fxg3 24. fxg3 Qxg3 25. Qe1 Qg5 26. Qd2 Nf4 27.
Nd6 Bxg2 28. Rxf4 Bd5+ 29. Kh2 Rxf4 30. Nf5 Rh4+ 0-1

[Event "4NCL Division 3"]
[Site "Daventry Court ENG"]
[Date "2015.03.22"]
[Round "8.59"]
[White "Coathup, Roger H"]
[Black "Thompson, Rob"]
[Result "1-0"]
[WhiteElo "2115"]
[BlackElo "1999"]
[PlyCount "37"]
[EventDate "2015.03.22"]
[WhiteTeam "North East England 1"]
[BlackTeam "Downend & Fishponds"]

1. d4 Nf6 2. c4 g6 3. Nc3 Bg7 4. e4 d6 5. Be2 c6 6. Bg5 h6 7. Be3 a6 8. h3 b5
9. e5 Ng8 10. f4 h5 11. Nf3 Nh6 12. O-O Nf5 13. Bf2 Bh6 14. g4 Bxf4 15. gxf5
Bxf5 16. Kg2 Qd7 17. Rh1 b4 18. Na4 Be4 19. Nb6 1-0

[Event "4NCL Division 3"]
[Site "Daventry Court ENG"]
[Date "2015.03.22"]
[Round "8.60"]
[White "Humphreys, Jerry"]
[Black "Henderson, David"]
[Result "1/2-1/2"]
[WhiteElo "2054"]
[BlackElo "2061"]
[PlyCount "69"]
[EventDate "2015.03.22"]

1. c4 e5 2. Nc3 Nf6 3. g3 Nc6 4. Bg2 Be7 5. d3 O-O 6. e3 d6 7. Nge2 Bf5 8. O-O
Qd7 9. Re1 Rab8 10. f4 Bh3 11. Bh1 Rfd8 12. Qa4 Bf8 13. Bd2 a6 14. Nd5 Nxd5 15.
Bxd5 Ne7 16. Qxd7 Rxd7 17. Bf3 Be6 18. Rac1 f6 19. Nc3 b5 20. cxb5 axb5 21. a3
c5 22. d4 b4 23. Ne4 bxa3 24. bxa3 f5 25. Ng5 Bd5 26. Bxd5+ Nxd5 27. fxe5 dxe5
28. dxc5 Ra7 29. Nf3 Rxa3 30. Nxe5 Rc8 31. Nd7 Be7 32. c6 Ra6 33. e4 fxe4 34.
Rxe4 Raxc6 35. Rxc6 1/2-1/2

[Event "4NCL Division 3"]
[Site "Daventry Court ENG"]
[Date "2015.03.22"]
[Round "8.65"]
[White "Thorarinsson, Pall"]
[Black "Maciol, Ryszard"]
[Result "1/2-1/2"]
[WhiteElo "2239"]
[BlackElo "2199"]
[PlyCount "58"]
[EventDate "2015.03.22"]

1. c4 Nf6 2. Nc3 e5 3. g3 Bb4 4. Bg2 O-O 5. Nf3 Re8 6. O-O c6 7. Qb3 Bf8 8. d4
exd4 9. Nxd4 Na6 10. Qc2 d6 11. b3 Qa5 12. Bb2 Qh5 13. e4 Bh3 14. f3 Bxg2 15.
Kxg2 d5 16. cxd5 cxd5 17. Nxd5 Nxd5 18. exd5 Nb4 19. Qd2 Nxd5 20. g4 Qe5 21.
Nf5 Qf4 22. Qxf4 Nxf4+ 23. Kh1 Re2 24. Bd4 Rd8 25. Be3 Nh3 26. Rfe1 Rc2 27.
Rec1 Re2 28. Re1 Rc2 29. Rec1 Re2 1/2-1/2

[Event "4NCL Division 3"]
[Site "Daventry Court ENG"]
[Date "2015.03.22"]
[Round "8.66"]
[White "Hoffmann, Hendrik"]
[Black "Maleki, Manuel"]
[Result "0-1"]
[WhiteElo "2170"]
[BlackElo "2230"]
[PlyCount "96"]
[EventDate "2015.03.22"]

1. e4 c5 2. Nf3 e6 3. d4 cxd4 4. Nxd4 a6 5. Nc3 Qc7 6. g3 Bb4 7. Nde2 b6 8. Bg2
Bb7 9. O-O Be7 10. Be3 d6 11. Nf4 Nf6 12. Re1 Nbd7 13. a4 O-O 14. g4 Ne5 15. h3
Nfd7 16. Nh5 Rac8 17. g5 Nc4 18. Bc1 Qc5 19. Qg4 b5 20. axb5 axb5 21. Nd5 exd5
22. Qxd7 Rc7 23. Qg4 Kh8 24. Qh4 dxe4 25. Bxe4 Bxe4 26. Qxe4 Ne5 27. c3 Qc4 28.
f4 Nd3 29. Qxc4 bxc4 30. Rd1 f6 31. gxf6 Bxf6 32. Nxf6 gxf6 33. Be3 Rg8+ 34.
Kh2 Re7 35. Bd4 Re2+ 36. Kh1 Rg3 37. Ra8+ Kg7 38. Rg1 Rxg1+ 39. Kxg1 Nxf4 40.
Rd8 Nxh3+ 41. Kf1 Re6 42. Kg2 Ng5 43. Kg3 Kg6 44. Rc8 Re2 45. Rxc4 Rxb2 46. Ra4
Rd2 47. Ra6 h5 48. Kf4 Rd3 0-1

[Event "4NCL Division 3"]
[Site "Daventry Court ENG"]
[Date "2015.03.22"]
[Round "8.67"]
[White "Farkas, Daniel"]
[Black "Kemp, Peter"]
[Result "0-1"]
[WhiteElo "2131"]
[BlackElo "2189"]
[PlyCount "132"]
[EventDate "2015.03.22"]

1. e4 e5 2. Nf3 Nc6 3. Bc4 Bc5 4. c3 Nf6 5. d3 a6 6. Bb3 Ba7 7. O-O O-O 8. Nbd2
d6 9. h3 Be6 10. Re1 Bxb3 11. Qxb3 Rb8 12. Nf1 Ne7 13. d4 exd4 14. cxd4 d5 15.
Bg5 Nxe4 16. Bxe7 Qxe7 17. Qxd5 Rfe8 18. N1d2 Qd6 19. Qxd6 Nxd6 20. Kf1 f6 21.
Rxe8+ Rxe8 22. Re1 Rd8 23. Nb3 Kf7 24. Re2 Nf5 25. Re4 Rd5 26. Ke1 a5 27. a4
Nd6 28. Re2 c6 29. Rc2 Nf5 30. Rd2 Ke6 31. Kd1 b6 32. Re2+ Kd7 33. Kc2 Bb8 34.
g4 Ne7 35. Nfd2 Bc7 36. Ne4 Ng6 37. Nc3 Nf4 38. Re3 Rg5 39. Ne4 Rg6 40. Nc3 Rh6
41. Nd2 Rxh3 42. Re4 Rh2 43. f3 Nd5 44. Re2 Nb4+ 45. Kb3 Rxe2 46. Nxe2 g6 47.
Ne4 Ke6 48. N4g3 Nd3 49. Kc3 Ne1 50. f4 f5 51. gxf5+ gxf5 52. Nh5 Ng2 53. Ng7+
Kd5 54. Nxf5 Nxf4 55. Neg3 Bd8 56. Ne3+ Ke6 57. Kc4 h5 58. Ngf1 Bf6 59. Nh2 Nd5
60. Nef1 h4 61. Nd2 Kf5 62. Kd3 Kf4 63. Ndf1 h3 64. b3 Nb4+ 65. Kc4 Bh4 66. Nd2
Bg3 0-1

[Event "4NCL Division 3"]
[Site "Daventry Court ENG"]
[Date "2015.03.22"]
[Round "8.68"]
[White "Pedersen, Carsten"]
[Black "Agnew, Alan"]
[Result "1/2-1/2"]
[WhiteElo "2156"]
[BlackElo "2091"]
[PlyCount "55"]
[EventDate "2015.03.22"]

1. e4 g6 2. Nc3 Bg7 3. g3 d6 4. Bg2 Nf6 5. d3 O-O 6. h3 c5 7. f4 Nc6 8. Nf3 Rb8
9. O-O b5 10. a3 a5 11. g4 b4 12. axb4 cxb4 13. Ne2 Qb6+ 14. Kh2 Ba6 15. Nd2
Nd7 16. Ra2 Nc5 17. b3 a4 18. bxa4 b3 19. Nxb3 Nxb3 20. cxb3 Qxb3 21. Ra3 Qb4
22. e5 Nd4 23. Nxd4 Qxd4 24. exd6 Qxd6 25. Rb3 Rxb3 26. Qxb3 Rb8 27. Qd5 Qxd5
28. Bxd5 1/2-1/2

[Event "4NCL Division 3"]
[Site "Daventry Court ENG"]
[Date "2015.03.22"]
[Round "8.69"]
[White "Stevenson, James AB"]
[Black "Quinn, John"]
[Result "1/2-1/2"]
[WhiteElo "2060"]
[BlackElo "2117"]
[PlyCount "31"]
[EventDate "2015.03.22"]
[WhiteTeam "Fermented Sharks"]
[BlackTeam "Celtic Tigers 1"]

1. c4 g6 2. Nc3 Bg7 3. g3 Nf6 4. Bg2 d6 5. Nf3 O-O 6. O-O e5 7. d3 c6 8. Rb1 h6
9. b4 Be6 10. a4 Nbd7 11. b5 Nc5 12. Qc2 Rc8 13. Ba3 Nfd7 14. Nd2 f5 15. Nb3 e4
16. Nxc5 1/2-1/2

[Event "4NCL Division 3"]
[Site "Daventry Court ENG"]
[Date "2015.03.22"]
[Round "8.70"]
[White "Skulte, Chris"]
[Black "Millward, Kevin Philip"]
[Result "1-0"]
[WhiteElo "1968"]
[BlackElo "2007"]
[PlyCount "139"]
[EventDate "2015.03.22"]

1. e4 d6 2. d4 g6 3. Nc3 a6 4. Nf3 b5 5. a4 b4 6. Ne2 Bg7 7. Be3 Nd7 8. Ng3 Bb7
9. Bc4 Ngf6 10. O-O O-O 11. Qd3 d5 12. exd5 Nxd5 13. Bd2 a5 14. Ne4 N5b6 15.
Rfe1 Nxc4 16. Qxc4 Nb6 17. Qc5 h6 18. c3 f5 19. Ng3 Bxf3 20. gxf3 e5 21. cxb4
Qxd4 22. Bc3 Qxc5 23. bxc5 Nd7 24. c6 Nb6 25. Bxe5 Bxe5 26. Rxe5 Rfe8 27. Rc5
Red8 28. b3 Kf7 29. Ne2 Rd5 30. Rac1 Rad8 31. Nf4 Rd4 32. Ne2 R4d5 33. R1c3
Rxc5 34. Rxc5 Rd1+ 35. Kg2 Rd5 36. Rc2 Rd3 37. Nc3 Nd5 38. Nxd5 Rxd5 39. Rc4
Ke6 40. Rh4 h5 41. Rc4 Kd6 42. b4 axb4 43. Rxb4 Kxc6 44. f4 Ra5 45. Rc4+ Kd6
46. Kf3 Rc5 47. Rd4+ Rd5 48. Ke3 Kc5 49. Rxd5+ Kxd5 50. Kd3 h4 51. h3 Kc5 52.
Kc3 Kb6 53. Kb4 Ka6 54. a5 c6 55. f3 c5+ 56. Kxc5 Kxa5 57. Kd5 Kb4 58. Ke5 Kc4
59. Kf6 Kd4 60. Kxg6 Ke3 61. Kxf5 Kxf3 62. Kg5 Kg3 63. f5 Kxh3 64. f6 Kg3 65.
f7 h3 66. f8=Q Kg2 67. Kg4 h2 68. Qa8+ Kg1 69. Kg3 h1=N+ 70. Kf3 1-0

[Event "4NCL Division 3"]
[Site "Daventry Court ENG"]
[Date "2015.03.22"]
[Round "8.75"]
[White "Mansson, James C"]
[Black "Antal, Laszlo"]
[Result "1-0"]
[WhiteElo "2061"]
[BlackElo "2154"]
[PlyCount "71"]
[EventDate "2015.03.22"]
[WhiteTeam "e2e4.org.uk 3"]
[BlackTeam "Manchester Manticores 2"]

1. d4 Nf6 2. c4 e6 3. Nc3 Bb4 4. e3 O-O 5. Nge2 d5 6. a3 Bxc3+ 7. Nxc3 Nbd7 8.
cxd5 exd5 9. Bd3 c5 10. O-O c4 11. Bc2 b6 12. f3 Bb7 13. e4 Qc7 14. e5 Ne8 15.
f4 f5 16. Be3 g6 17. g4 Ng7 18. Nb5 Qd8 19. Nd6 Bc6 20. gxf5 gxf5 21. Ba4 Bxa4
22. Qxa4 Ne8 23. Qc6 Nxd6 24. Qxd6 Nb8 25. Qh6 a6 26. Kh1 Ra7 27. Rg1+ Kh8 28.
Bf2 Rff7 29. Bh4 Qf8 30. Bf6+ Rxf6 31. Qxf6+ Qxf6 32. exf6 Nc6 33. Rae1 h6 34.
Re6 Nxd4 35. Re8+ Kh7 36. Re7+ 1-0

[Event "4NCL Division 3"]
[Site "Daventry Court ENG"]
[Date "2015.03.22"]
[Round "8.76"]
[White "Hamer, Martyn"]
[Black "Okhai, Shabir"]
[Result "0-1"]
[WhiteElo "2083"]
[BlackElo "1939"]
[PlyCount "122"]
[EventDate "2015.03.22"]

1. Nf3 d5 2. d4 Nf6 3. c4 e6 4. g3 c6 5. Qc2 Be7 6. Bg2 Nbd7 7. O-O O-O 8. Nbd2
b6 9. e4 dxe4 10. Nxe4 Nxe4 11. Qxe4 Bb7 12. Ne5 Rc8 13. b3 Ba8 14. Qe2 Bf6 15.
Bb2 Bxe5 16. dxe5 Qe7 17. Rfd1 Rfd8 18. Rd6 c5 19. Bxa8 Rxa8 20. Rad1 Nf8 21.
Qd2 Rdc8 22. a4 Rab8 23. f4 Qb7 24. Qg2 Qe7 25. Qe4 Rd8 26. Qd3 Rxd6 27. Qxd6
Qxd6 28. Rxd6 Rb7 29. Kf2 Rd7 30. Rxd7 Nxd7 31. Ke3 Kf8 32. g4 Ke7 33. f5 Nb8
34. Kf4 Nc6 35. Bc3 f6 36. exf6+ gxf6 37. fxe6 Kxe6 38. h4 Ne7 39. h5 h6 40.
Bd2 Nc6 41. Ke4 Ne5 42. Bxh6 Nxg4 43. Bf4 f5+ 44. Kf3 Kf6 45. Bb8 Kg5 46. Bxa7
Ne5+ 47. Ke3 Nd7 48. Kf3 Kxh5 49. Kf4 Kg6 50. Kf3 Kf6 51. Kf4 Ke6 52. Kf3 Ke5
53. Ke3 f4+ 54. Kf3 Kf5 55. Kf2 Ke4 56. Ke2 f3+ 57. Kf2 Kf4 58. Kf1 Kg3 59. Kg1
f2+ 60. Kf1 Kf3 61. b4 Ne5 0-1

[Event "4NCL Division 3"]
[Site "Daventry Court ENG"]
[Date "2015.03.22"]
[Round "8.77"]
[White "Taylor, Dale C"]
[Black "Newton, Robert"]
[Result "1/2-1/2"]
[WhiteElo "1966"]
[BlackElo "2031"]
[PlyCount "106"]
[EventDate "2015.03.22"]

1. Nf3 c5 2. c4 Nc6 3. d4 cxd4 4. Nxd4 Nf6 5. Nc3 g6 6. e4 d6 7. Be2 Bg7 8. Be3
O-O 9. O-O Bd7 10. Qd2 Re8 11. f3 a6 12. Rfd1 Rc8 13. Rac1 Nxd4 14. Bxd4 Be6
15. Nd5 Nd7 16. Be3 Bxd5 17. cxd5 Rxc1 18. Rxc1 Qb8 19. Qc2 h5 20. b4 b5 21.
Qc6 Ne5 22. Qxa6 f5 23. Bxb5 Rf8 24. exf5 gxf5 25. Ba7 Qa8 26. Bc6 Nxc6 27.
Rxc6 f4 28. b5 Qe8 29. Qa4 Qg6 30. Qc2 Qf6 31. h3 Qe5 32. Bf2 Qxd5 33. Qc4 Qxc4
34. Rxc4 d5 35. Rc7 d4 36. b6 Rb8 37. b7 Kf7 38. Kf1 Be5 39. Rc4 Rxb7 40. Bxd4
Rb1+ 41. Kf2 Bxd4+ 42. Rxd4 Rb2+ 43. Kg1 e5 44. Rd6 Rxa2 45. Rh6 Ra1+ 46. Kh2
Ra8 47. Rxh5 Kf6 48. Rh6+ Kg5 49. Re6 Kf5 50. Rb6 Rh8 51. Kg1 Ra8 52. Rb2 Rh8
53. Kf2 Rg8 1/2-1/2

[Event "4NCL Division 3"]
[Site "Daventry Court ENG"]
[Date "2015.03.22"]
[Round "8.78"]
[White "Mulleady, Peter.J"]
[Black "Webster, Richard J"]
[Result "1/2-1/2"]
[WhiteElo "1930"]
[BlackElo "1962"]
[PlyCount "33"]
[EventDate "2015.03.22"]
[WhiteTeam "Manchester Manticores 2"]
[BlackTeam "e2e4.org.uk 3"]

1. d4 e6 2. Bf4 c5 3. e3 Nc6 4. Nf3 Nf6 5. h3 d5 6. c3 Be7 7. Nbd2 O-O 8. Bd3
Nd7 9. O-O Re8 10. Qc2 Nf8 11. Rad1 Bd7 12. dxc5 Bxc5 13. Nb3 Bb6 14. e4 Rc8
15. Qb1 Ne7 16. Ne5 Neg6 17. Nxg6 1/2-1/2

[Event "4NCL Division 3"]
[Site "Daventry Court ENG"]
[Date "2015.03.22"]
[Round "8.79"]
[White "Truman, Richard G"]
[Black "Lyth, John.D"]
[Result "1/2-1/2"]
[WhiteElo "1972"]
[BlackElo "2012"]
[PlyCount "151"]
[EventDate "2015.03.22"]

1. d4 d5 2. c4 c6 3. Nf3 Nf6 4. Nc3 e6 5. e3 Nbd7 6. Bd3 dxc4 7. Bxc4 b5 8. Bd3
a6 9. e4 c5 10. d5 Bb7 11. dxe6 fxe6 12. Qe2 c4 13. Bc2 Bc5 14. Ng5 Qb6 15. O-O
e5 16. Nd5 Nxd5 17. exd5 Bxd5 18. Bxh7 O-O-O 19. Be4 Bxe4 20. Qxe4 Rdf8 21. Nf3
Bd6 22. Be3 Qb7 23. Qxb7+ Kxb7 24. Rfd1 Kc7 25. a4 e4 26. Nd4 Bxh2+ 27. Kf1 Rf6
28. axb5 axb5 29. Nxb5+ Kc6 30. Nd4+ Kb7 31. Nb5 Nb6 32. Ra7+ Kb8 33. Rxg7 Be5
34. Rg4 Rh1+ 35. Ke2 Rxd1 36. Kxd1 Nd5 37. Rxe4 Nxe3+ 38. fxe3 Bxb2 39. Rxc4
Be5 40. Nd4 Kb7 41. Ke2 Bg3 42. Nf3 Ra6 43. Rd4 Kc7 44. Nd2 Rf6 45. Ne4 Rg6 46.
Nxg3 Rxg3 47. Kf2 Rg6 48. Kf3 Kc6 49. g4 Kc5 50. Kf4 Rg8 51. Re4 Kd5 52. Re5+
Kd6 53. Rg5 Rf8+ 54. Rf5 Rg8 55. g5 Ke6 56. Rf6+ Ke7 57. Kf5 Ra8 58. Re6+ Kf7
59. g6+ Kg8 60. Re7 Ra1 61. e4 Rf1+ 62. Ke6 Re1 63. e5 Rg1 64. g7 Rf1 65. Kd7
Rd1+ 66. Ke8 Re1 67. e6 Re2 68. Kd7 Rd2+ 69. Kc6 Re2 70. Kc7 Re1 71. Kd6 Rd1+
72. Ke5 Re1+ 73. Kf4 Rf1+ 74. Ke4 Re1+ 75. Kf3 Re5 76. Kf4 1/2-1/2

[Event "4NCL Division 3"]
[Site "Daventry Court ENG"]
[Date "2015.03.22"]
[Round "8.80"]
[White "Burns, Martin"]
[Black "Willow, Jonah B"]
[Result "0-1"]
[WhiteElo "1890"]
[BlackElo "1867"]
[PlyCount "138"]
[EventDate "2015.03.22"]

1. e4 e6 2. d4 d5 3. Nd2 c5 4. exd5 Qxd5 5. Qf3 Qxd4 6. Bb5+ Nd7 7. Ne2 Qd5 8.
Qg3 a6 9. Bd3 Ngf6 10. O-O Bd6 11. Qh3 Qh5 12. Qxh5 Nxh5 13. Ne4 Bc7 14. Ng5 h6
15. Nxe6 Be5 16. N2f4 Nxf4 17. Nxf4 O-O 18. Re1 Re8 19. Bd2 Nf6 20. Rab1 g5 21.
Ne2 b5 22. Ng3 c4 23. Be2 Bb7 24. c3 Rad8 25. Be3 Nd5 26. Bf3 Ba8 27. Bc5 Nf4
28. Bxa8 Rxa8 29. Be3 Nd3 30. Red1 a5 31. Nf5 Kh7 32. Nd4 b4 33. cxb4 axb4 34.
b3 Rxa2 35. bxc4 Bxd4 36. Bxd4 Nf4 37. Kf1 Ne2 38. Rb2 b3 39. Rxa2 bxa2 40. Ba1
Nf4 41. g3 Ne6 42. Rd7 Rb8 43. Ke2 Rb1 44. Rd1 Nc5 45. Bc3 Nb3 46. h3 a1=Q 47.
Bxa1 Rxa1 48. Rxa1 Nxa1 49. Kd3 Nb3 50. Ke4 Kg6 51. g4 Kf6 52. Kd5 Ke7 53. Ke5
Nc5 54. Kf5 Nd7 55. f4 f6 56. fxg5 hxg5 57. Ke4 Ke6 58. Kd4 f5 59. gxf5+ Kxf5
60. Ke3 Kg6 61. Kf2 Kh5 62. Kg3 Nc5 63. Kh2 Kh4 64. Kg2 Ne4 65. Kh2 Kh5 66. Kg2
Kg6 67. Kh2 Kf5 68. Kg2 Kf4 69. Kh2 Kf3 0-1

[Event "4NCL Division 3"]
[Site "Daventry Court ENG"]
[Date "2015.03.22"]
[Round "8.85"]
[White "Briscoe, Chris"]
[Black "Polaczek, Richard"]
[Result "0-1"]
[WhiteElo "2201"]
[BlackElo "2433"]
[PlyCount "92"]
[EventDate "2015.03.22"]

1. e4 e6 2. d4 d5 3. Nc3 Nf6 4. e5 Nfd7 5. f4 c5 6. Nf3 Nc6 7. Be3 Rb8 8. Qd2
Qa5 9. dxc5 Bxc5 10. Bxc5 Qxc5 11. O-O-O b5 12. Nd4 Nxd4 13. Qxd4 b4 14. Qxc5
Nxc5 15. Nb5 Bd7 16. Nd4 Ne4 17. Re1 O-O 18. Bd3 Nc5 19. Kb1 Rfc8 20. Rc1 Rc7
21. Rhe1 Bc8 22. g4 Ba6 23. Re3 Rb6 24. h4 Bb7 25. h5 a5 26. f5 Ne4 27. Nb5 Rc5
28. Nd4 a4 29. Rd1 Nf2 30. Rg1 Ne4 31. g5 exf5 32. Nxf5 Re6 33. h6 Rxe5 34.
Bxe4 dxe4 35. Nxg7 Rxg5 36. Rd1 Rcd5 37. Kc1 Rxd1+ 38. Kxd1 f5 39. c4 f4 40.
Rh3 Rg1+ 41. Ke2 Rg2+ 42. Kf1 e3 43. Ne6 Rxb2 44. Rh4 f3 45. Rg4+ Kh8 46. Kg1
f2+ 0-1

[Event "4NCL Division 3"]
[Site "Daventry Court ENG"]
[Date "2015.03.22"]
[Round "8.86"]
[White "Duncanson, Henry G"]
[Black "Kalavannan, Koby"]
[Result "1-0"]
[WhiteElo "2092"]
[BlackElo "2149"]
[PlyCount "161"]
[EventDate "2015.03.22"]

1. d4 Nf6 2. Nf3 g6 3. Bf4 Bg7 4. Nc3 d5 5. Qd2 O-O 6. Bh6 Nc6 7. Bxg7 Kxg7 8.
Ne5 Nxe5 9. dxe5 Ng4 10. Qd4 Be6 11. h3 c5 12. Qxc5 Nxe5 13. O-O-O Qb6 14. Qxb6
axb6 15. g4 b5 16. Kb1 f5 17. g5 Bd7 18. Nxd5 Bc6 19. Bg2 f4 20. Be4 Nf7 21.
Rhg1 e6 22. Nxf4 Bxe4 23. Nxe6+ Kg8 24. Nxf8 Rxf8 25. Rd4 Bc6 26. b3 Re8 27. e3
Re5 28. h4 Re7 29. Rg3 Ne5 30. Kc1 Re8 31. Kd1 Nf3 32. Rf4 Rd8+ 33. Kc1 Ne5 34.
Rg1 Ra8 35. Kb2 Rd8 36. Re1 Nf3 37. Re2 Ng1 38. Re1 Nf3 39. Rf1 Ne5 40. e4 Kg7
41. Kc3 Rd6 42. f3 Bd7 43. Rf2 Rd1 44. a3 Bc6 45. Rf6 Nd7 46. Rf4 Ne5 47. h5
gxh5 48. Rf5 Ng6 49. Re2 Bd7 50. Rd5 Rxd5 51. exd5 h4 52. Kd4 h3 53. Ke3 Ne7
54. c4 Kg6 55. Kf4 Nf5 56. c5 Nd4 57. Rb2 Bf5 58. c6 bxc6 59. dxc6 Ne6+ 60. Kg3
Kxg5 61. a4 b4 62. Rd2 h5 63. a5 Nc7 64. Rd4 Na6 65. Rd8 h4+ 66. Kh2 Kf4 67.
Ra8 Bd3 68. Ra7 Nc5 69. c7 Bf5 70. Ra8 Nxb3 71. a6 Nd4 72. Rf8 Nxf3+ 73. Kh1
Ke3 74. Rxf5 b3 75. c8=Q b2 76. Qc3+ Ke4 77. Qxf3+ Kd4 78. Rd5+ Kc4 79. Qd3+
Kb4 80. Rb5+ Ka4 81. Qb3# 1-0

[Event "4NCL Division 3"]
[Site "Daventry Court ENG"]
[Date "2015.03.22"]
[Round "8.87"]
[White "Jones, Steven A"]
[Black "Dilleigh, Stephen P"]
[Result "1/2-1/2"]
[WhiteElo "2117"]
[BlackElo "2109"]
[PlyCount "33"]
[EventDate "2015.03.22"]
[WhiteTeam "Surbiton 1"]
[BlackTeam "Broadland Bitterns [1]"]

1. e4 c5 2. Nf3 e6 3. d4 cxd4 4. Nxd4 Nf6 5. Nc3 d6 6. Be3 Be7 7. f4 Nc6 8. Qf3
e5 9. Nxc6 bxc6 10. fxe5 dxe5 11. Bc4 O-O 12. O-O Ng4 13. Rad1 Qa5 14. Kh1 Nxe3
15. Qxe3 Ba6 16. Qe2 Bxc4 17. Qxc4 1/2-1/2

[Event "4NCL Division 3"]
[Site "Daventry Court ENG"]
[Date "2015.03.22"]
[Round "8.88"]
[White "Redman, David J"]
[Black "Henderson, Ian R"]
[Result "1/2-1/2"]
[WhiteElo "1817"]
[BlackElo "2065"]
[PlyCount "55"]
[EventDate "2015.03.22"]

1. d4 d5 2. c4 Nc6 3. Nc3 dxc4 4. d5 Ne5 5. Bf4 Ng6 6. Bg3 e5 7. e4 Bd6 8. Bxc4
a6 9. a3 Bd7 10. Nf3 Nf6 11. h4 O-O 12. h5 Nf4 13. Bxf4 exf4 14. h6 g6 15. e5
Bxe5 16. Nxe5 Re8 17. Qd4 Qe7 18. O-O-O Qxe5 19. d6 cxd6 20. Qxd6 Rac8 21. Qxe5
Rxe5 22. Rd4 g5 23. Rhd1 Kf8 24. Bd3 Bc6 25. f3 Ke7 26. Kb1 Re3 27. Bf5 Rh8 28.
Ka2 1/2-1/2

[Event "4NCL Division 3"]
[Site "Daventry Court ENG"]
[Date "2015.03.22"]
[Round "8.89"]
[White "Crombleholme, Alan K"]
[Black "McEwan, Ken B"]
[Result "1/2-1/2"]
[WhiteElo "2087"]
[BlackElo "2083"]
[PlyCount "45"]
[EventDate "2015.03.22"]
[WhiteTeam "Surbiton 1"]
[BlackTeam "Broadland Bitterns [1]"]

1. d4 Nf6 2. Nf3 e6 3. c4 b6 4. g3 Bb7 5. Bg2 d6 6. Nc3 Nbd7 7. O-O g6 8. Qc2
Bg7 9. e4 O-O 10. b3 e5 11. d5 a6 12. Re1 Qe7 13. Rb1 Rfc8 14. Bh3 c6 15. dxc6
Bxc6 16. Qe2 b5 17. Nd5 Bxd5 18. exd5 Qd8 19. Bg5 bxc4 20. bxc4 Rcb8 21. Nd2
Rxb1 22. Rxb1 Rb8 23. Bxd7 1/2-1/2

[Event "4NCL Division 3"]
[Site "Daventry Court ENG"]
[Date "2015.03.22"]
[Round "8.90"]
[White "Hughes, Roy"]
[Black "Shepherd, Paul D"]
[Result "1/2-1/2"]
[WhiteElo "2023"]
[BlackElo "2012"]
[PlyCount "36"]
[EventDate "2015.03.22"]
[WhiteTeam "Broadland Bitterns [1]"]
[BlackTeam "Surbiton 1"]

1. d4 d5 2. Bf4 c5 3. e3 Nc6 4. Nc3 cxd4 5. exd4 Bf5 6. Bd3 Bxd3 7. Qxd3 Nf6 8.
Nf3 e6 9. O-O Bd6 10. Bg5 O-O 11. Rad1 h6 12. Rc1 a6 13. a3 Qc7 14. Ne2 Na5 15.
Ng3 Rac8 16. c3 Nc4 17. Rfe1 b5 18. Nd2 Bf4 1/2-1/2

[Event "4NCL Division 3"]
[Site "Daventry Court ENG"]
[Date "2015.03.22"]
[Round "8.95"]
[White "Compton, Alistair"]
[Black "Burrows, Martin P"]
[Result "0-1"]
[WhiteElo "2097"]
[BlackElo "2127"]
[PlyCount "76"]
[EventDate "2015.03.22"]

1. e4 e6 2. d4 d5 3. Nc3 Bb4 4. e5 c5 5. a3 Bxc3+ 6. bxc3 Ne7 7. Qg4 Qc7 8. Bd3
c4 9. Be2 Nf5 10. Bd1 Nc6 11. Ne2 Bd7 12. Ng3 Nce7 13. O-O O-O-O 14. Bg5 Rdg8
15. Qf3 Be8 16. a4 h6 17. Bc1 f6 18. Re1 Nxg3 19. fxg3 f5 20. a5 g5 21. a6 b6
22. Ba3 g4 23. Qf1 Nc6 24. Be2 h5 25. Reb1 h4 26. Qf4 h3 27. Bf1 hxg2 28. Bxg2
Qh7 29. Kf2 Qh6 30. Rh1 Qxf4+ 31. gxf4 Rh7 32. Kg3 Ne7 33. Bd6 Ng6 34. Rhb1 Bc6
35. Rb4 Kd7 36. Bf1 Rgh8 37. h3 gxh3 38. Kh2 Nxf4 0-1

[Event "4NCL Division 3"]
[Site "Daventry Court ENG"]
[Date "2015.03.22"]
[Round "8.96"]
[White "Ross, Chris N"]
[Black "Gibson, Christopher A"]
[Result "1-0"]
[WhiteElo "2173"]
[BlackElo "1998"]
[PlyCount "87"]
[EventDate "2015.03.22"]

1. e4 e5 2. Nf3 Nc6 3. Bb5 f5 4. d3 fxe4 5. dxe4 Nf6 6. Nc3 Bb4 7. O-O Bxc3 8.
bxc3 d6 9. Qd3 Bd7 10. Rb1 O-O 11. Bc4+ Kh8 12. Rxb7 Na5 13. Rb1 Nxc4 14. Qxc4
Qe8 15. Nd2 a6 16. Qe2 Qg6 17. f3 Nh5 18. Nb3 Qe6 19. c4 Rab8 20. Bd2 g5 21.
Na5 Rbc8 22. Qe1 Rg8 23. g3 Nf6 24. Bc3 h6 25. Rf2 Be8 26. c5 dxc5 27. Qe3 Nd7
28. Rd1 Rb8 29. Nb3 Rb5 30. a4 Rb7 31. Rd5 c4 32. Nc5 Rb1+ 33. Rf1 Rxf1+ 34.
Kxf1 Qh3+ 35. Kg1 Kh7 36. Nxd7 Bxd7 37. Bxe5 Rf8 38. Bc3 Rf7 39. Qd4 Be6 40.
Qh8+ Kg6 41. Qg8+ Kh5 42. g4+ Bxg4 43. Qxf7+ Kh4 44. Be1+ 1-0